书目信息 |
| 题名: |
神奇蔬果早晚餐减肥
|
|
| 作者: | 王楠楠 编著 | |
| 分册: | ||
| 出版信息: | 北京 化学工业出版社 2010 |
|
| 页数: | 136页 | |
| 开本: | 21cm | |
| 丛书名: | ||
| 单 册: | ||
| 中图分类: | R151.1 | |
| 科图分类: | ||
| 主题词: | 蔬菜--减肥--食谱 , 水果--减肥--食谱 , 蔬菜 , 减肥 , 食谱 , 水果 | |
| 电子资源: | ||
| ISBN: | 978-7-122-08890-1 | |
| 000 | 00919nam0 2200289 45 | |
| 001 | 1138522672 | |
| 005 | 20110419101105.03 | |
| 010 | @a978-7-122-08890-1@dCNY28.00 | |
| 100 | @a20110408d2010 em y0chiy0110 ea | |
| 101 | 0 | @achi |
| 102 | @aCN@b110000 | |
| 105 | @aa z 000yy | |
| 106 | @ar | |
| 200 | 1 | @a神奇蔬果早晚餐减肥@AShen Qi Shu Guo Zao Wan Can Jian Fei@f王楠楠等编著@FWang Nan Nan Deng Bian Zhu |
| 210 | @a北京@c化学工业出版社@d2010 | |
| 215 | @a136页@c图@d21cm | |
| 330 | @a本书从理论和实践入手,动之以情晓之以理地教给你一种最简单实用的减肥方法。帮你正确认识肥胖,揭开蔬果早晚减肥的神秘面纱,将肥胖和亚健康统统赶走! | |
| 606 | 0 | @a蔬菜@x减肥@x食谱 |
| 606 | 0 | @a水果@x减肥@x食谱 |
| 606 | 0 | @a蔬菜 |
| 606 | 0 | @a减肥 |
| 606 | 0 | @a食谱 |
| 606 | 0 | @a水果 |
| 690 | @aR151.1@v4 | |
| 701 | 0 | @a王楠楠@AWang Nan Nan@4编著 |
| 801 | 0 | @aCN@bTANGWEI@c20110419 |
| 905 | @b0536529-31@dR151.1@e99@f3 | |
| 神奇蔬果早晚餐减肥/王楠楠等编著.-北京:化学工业出版社,2010 |
| 136页:图;21cm |
| ISBN 978-7-122-08890-1:CNY28.00 |
| 本书从理论和实践入手,动之以情晓之以理地教给你一种最简单实用的减肥方法。帮你正确认识肥胖,揭开蔬果早晚减肥的神秘面纱,将肥胖和亚健康统统赶走! |
| ● |
| 相关链接 |
|
|
|
|
正题名:神奇蔬果早晚餐减肥
索取号:R151.1/99
 
预约/预借
| 序号 | 登录号 | 条形码 | 馆藏地/架位号 | 状态 | 备注 |
| 1 | 0536529 | 205365291 | 第二样本阅览室/ [索取号:R151.1/99] | 在馆 | |
| 2 | 0536530 | 205365308 | 第三借阅区/ [索取号:R151.1/99] | 在馆 | |
| 3 | 0536531 | 205365317 | 第三借阅区/ [索取号:R151.1/99] | 在馆 |